| 000 | 01016nas a2200277 4500 | ||
|---|---|---|---|
| 001 | BR8701893 | ||
| 003 | BR-BrBNA | ||
| 005 | 20231205090624.0 | ||
| 007 | ta | ||
| 008 | 230509b bl.|||p| |||| 00| 00por d | ||
| 040 |
_aBR-BrBNA _bpor _cBiblioteca Nacional de Agricultura |
||
| 041 | _a(Pt) | ||
| 072 | _aD50; E70; E71 | ||
| 100 | 1 | _aMendes, S.G. | |
| 245 | 1 | _aAspectos da legislacao brasileira no controle de pragas [Inspecao fitossanitaria, quarentena vegetal, certificados, transito internacional, intercambio de recursos geneticos] | |
| 246 | 1 | _a[Aspects of Brazilian legislation on weed control] | |
| 650 | _aINSPECAO SANITARIA | ||
| 650 | _aQUARENTENA | ||
| 650 | _aISOLAMENTO | ||
| 650 | _aPRODUTO DE ORIGEM VEGETAL | ||
| 650 | _aGERMOPLASMA | ||
| 650 | _aLEGISLACAO | ||
| 773 | 0 |
_tInforme Agropecuario - Empresa de Pesquisa Agropecuaria de Minas Gerais (Brazil) _xISSN 0100-3364 _g(Aug 1986), v. 12(140) p. 3-10 _wBR8701893 |
|
| 909 |
_a202311 _bLúcia _c55 _dLúcia Elande |
||
| 942 |
_2AGRIS _n0 _cANA |
||
| 999 |
_c119834 _d119834 |
||